Statistics for Aircraft Operated by Canadian Based Airlines

Click here to take the quiz!

General Stats

  • This quiz has been taken 100 times
  • The average score is 22 of 30

Answer Stats

Airline(s)Aircraft% Correct
Air CanadaAirbus 320-200
91%
Air Canada, Air TransatAirbus 330-300
90%
Air TransatAirbus 330-200
88%
Flair AirlinesBoeing 737-400
87%
WestJetBoeing 737-600
87%
WestJetBoeing 737-700
87%
WestJet, Air Transat, Sunwing Airlines, Flair AirlinesBoeing 737-800
87%
WestJetBoeing 737 MAX 10
87%
WestJetBoeing 737 MAX 7
87%
Air Canada,WestJet, Sunwing AirlinesBoeing 737-MAX 8
87%
Air CanadaAirbus 319-100
84%
Air TransatAirbus 321LR
82%
Air TransatAirbus 321neo
82%
Air CanadaBoeing 777-200LR
82%
Air CanadaBoeing 777-300ER
82%
Air CanadaBoeing 787-8
81%
Air Canada, WestJetBoeing 787-9
81%
Air TransatAirbus 310-300
78%
Air Canada, Air TransatAirbus 321-200
78%
Air Canada, WestJetBoeing 767-300ER
76%
Air Canadade Havilland Dash 8-100
62%
Air Canadade Havilland Dash 8-300
62%
Air Canada, WestJetde Havilland Dash 8-Q400
62%
Air CanadaAirbus 220-300
57%
Air CanadaEmbraer-E190
57%
Air CanadaEmbraer-E175
56%
Air CanadaBombardier CRJ-900
53%
Air CanadaBombardier CRJ-200
51%
WestJetSaab 340B
34%
Air CanadaBeechcraft 1900D
18%

Score Distribution

Percentile by Number Answered

Percent of People with Each Score

Your Score History

You have not taken this quiz